Statistics for Football - Second Level Leagues of Asia

Click here to take the quiz!

General Stats

  • This quiz has been taken 13 times
  • The average score is 4 of 10

Answer Stats

HintAnswer% Correct
K League ChallengeSouth Korea
100%
Meiji Yasuda J2 LeagueJapan
83%
Kienlongbank V.League 2Vietnam
83%
Yanmar Thimpu Premier LeagueBhutan
67%
Azadegan LeagueIran
67%
58.com _____ LeagueChina
17%
Martyr's Memorial Red Bull A Division LeagueNepal
17%
PS4 National Premier Leagues (8)Australia
0%
Premier Bank Championship LeagueBangladesh
0%
Yamaha League 1Thailand
0%

Score Distribution

Percentile by Number Answered

Percent of People with Each Score

Your Score History

You have not taken this quiz